लज्जा अनु:- सै. लीना सोहोनी (Record no. 1084954)

MARC details
000 -LEADER
fixed length control field 00729nam a2200193Ia 4500
008 - FIXED-LENGTH DATA ELEMENTS--GENERAL INFORMATION
fixed length control field 151119s9999||||xx |||||||||||||| ||und||
082 ## - DEWEY DECIMAL CLASSIFICATION NUMBER
Classification number 891.443
082 ## - DEWEY DECIMAL CLASSIFICATION NUMBER
Item number GKKV32652
100 ## - MAIN ENTRY--PERSONAL NAME
Personal name "नसरीन , तस्लिमा"
245 ## - TITLE STATEMENT
Title लज्जा अनु:- सै. लीना सोहोनी
260 ## - PUBLICATION, DISTRIBUTION, ETC. (IMPRINT)
Place of publication, distribution, etc पुणे
260 ## - PUBLICATION, DISTRIBUTION, ETC. (IMPRINT)
Name of publisher, distributor, etc मेहता पब्लीशिग हाउस
260 ## - PUBLICATION, DISTRIBUTION, ETC. (IMPRINT)
Date of publication, distribution, etc 2013
600 ## - SUBJECT ADDED ENTRY--PERSONAL NAME
Personal name "नसरीन , तस्लिमा"
630 ## - SUBJECT ADDED ENTRY--UNIFORM TITLE
Uniform title लज्जा अनु:- सै. लीना सोहोनी
700 ## - ADDED ENTRY--PERSONAL NAME
Personal name "नसरीन , तस्लिमा"
730 ## - ADDED ENTRY--UNIFORM TITLE
Uniform title लज्जा अनु:- सै. लीना सोहोनी
942 ## - ADDED ENTRY ELEMENTS (KOHA)
Koha item type Book
Holdings
Withdrawn status Lost status Damaged status Not for loan Home library Current library Date acquired Cost, normal purchase price Total Checkouts Full call number Barcode Date last seen Cost, replacement price Price effective from Koha item type
        G.K. Khandekar Vachanalaya, Mulund G.K. Khandekar Vachanalaya, Mulund 10/21/2013 0.00   GKKV32652 GKKV32652 11/19/2015 0.00 11/19/2015 Book